[Event "45th Olympiad 2024"]
[Site "Budapest HUN"]
[Date "2024.09.16"]
[Round "6.36"]
[Board "4"]
[White "Arunnuntapanich, Tinnakrit"]
[Black "Karacsonyi, Gellert"]
[Result "1/2-1/2"]
[WhiteElo "2064"]
[BlackElo "2403"]
[PlyCount "90"]
[EventDate "2024.09.11"]
[WhiteTeam "Thailand"]
[BlackTeam "Hungary C"]
[WhiteTeamCountry "THA"]

1. d4 Nf6 2. c4 e6 3. Nc3 Bb4 4. f3 c5 5. a3 Bxc3+ 6. bxc3 Nc6 7. e4 d6 8. d5 Na5 9. Bd3 b6 10. Ne2 Ba6 11. Ng3 Nd7 12. f4 Qe7 13. O-O O-O-O 14. Rb1 g6 $146 ({RR} 14... h5 15. Rf2 Nf6 16. h3 h4 17. Nf1 exd5 18. exd5 Bxc4 19. Bxc4 Nxc4 20. Re2 Qc7 21. Qa4 Na5 22. c4 Qd7 23. Qc2 Rde8 24. Rf2 Re1 25. Rb2 Re4 26. Nd2 Rd4 27. Rb1 Nh5 28. f5 Qe7 29. Bb2 {½-½ Jovanovski,T (1950)-Velkoski,S (1923) FRM-ch U18 Struga 2022 (5)}) 15. Re1 Rhe8 16. Be3 h5 17. Nf1 exd5 18. exd5 Qf6 19. Nd2 Qxc3 20. Ne4 Rxe4 21. Bxe4 Re8 22. Bf2 Nxc4 23. Rc1 Nb2 24. Qc2 Qxc2 25. Bxc2 Rxe1+ 26. Rxe1 Bd3 27. Re8+ Kc7 28. Bxd3 Nxd3 29. Be3 c4 30. Kf1 b5 31. Re7 a5 32. Ke2 b4 33. axb4 axb4 34. Rxf7 b3 35. Kd2 b2 36. Kc2 c3 37. Bd4 Nb4+ 38. Kb1 Nxd5 39. f5 gxf5 40. Rxf5 N7b6 41. Bxc3 Nxc3+ 42. Kxb2 Nd1+ 43. Kb3 Ne3 44. Rxh5 Nxg2 45. h4 Kc6 1/2-1/2

[Event "45th Olympiad 2024"]
[Site "Budapest HUN"]
[Date "2024.09.16"]
[Round "6.37"]
[Board "1"]
[White "Susilodinata, Andrean"]
[Black "Sipila, Vilka"]
[Result "0-1"]
[WhiteElo "2393"]
[BlackElo "2462"]
[PlyCount "78"]
[EventDate "2024.09.11"]
[WhiteTeam "Indonesia"]
[BlackTeam "Finland"]
[WhiteTeamCountry "INA"]
[BlackTeamCountry "FIN"]

1. e4 c5 2. Nf3 d6 3. d4 cxd4 4. Nxd4 Nf6 5. Nc3 a6 6. Be2 e5 7. Nb3 Be7 8. Be3 Be6 9. Nd5 Nbd7 10. Qd3 Bxd5 11. exd5 Rc8 12. c4 a5 13. a4 b6 14. O-O O-O 15. Nd2 Nc5 16. Qb1 Nfd7 $146 ({RR} 16... Ne8 17. Bg4 Rb8 18. f4 exf4 19. Bxf4 Bg5 20. Ra3 g6 21. Rg3 Bxf4 22. Rxf4 Ng7 23. Bd1 Qe7 24. Rf1 f5 25. Bc2 Rbe8 26. b4 axb4 27. Qxb4 Qf6 28. Kh1 Re2 29. Bd1 Re7 30. Qc3 Qxc3 31. Rxc3 {½-½ Nemeth Junior,H (2147)-Tomiello,L (2306) 10th Floripa Open 2024 (8.15)}) 17. Bg4 g6 18. b4 axb4 19. Bxd7 Qxd7 20. Qxb4 f5 21. Bxc5 bxc5 22. Qb5 Qa7 23. a5 Rb8 24. Qa4 Bg5 25. Nf3 Bf6 26. Nd2 e4 27. Ra3 Rb4 28. Qc6 Be5 29. g3 Qb8 30. Kg2 Rf7 31. Re1 Rc7 32. Qa6 Ra7 33. Qc6 Rb2 34. Rd1 Qb4 35. Ra4 Qc3 36. a6 e3 37. Nf3 Rxf2+ 38. Kh3 e2 39. Ng5 Rxh2+ 0-1

[Event "45th Olympiad 2024"]
[Site "Budapest HUN"]
[Date "2024.09.16"]
[Round "6.37"]
[Board "2"]
[White "Agopov, Mikael"]
[Black "Cahaya, Satria Duta"]
[Result "0-1"]
[WhiteElo "2451"]
[BlackElo "2219"]
[PlyCount "92"]
[EventDate "2024.09.11"]
[WhiteTeam "Finland"]
[BlackTeam "Indonesia"]
[WhiteTeamCountry "FIN"]
[BlackTeamCountry "INA"]

1. e4 c5 2. Nf3 g6 3. d4 cxd4 4. Nxd4 Nc6 5. c4 Nf6 6. Nc3 d6 7. f3 Bg7 8. Be3 a5 ({RR} 8... Bd7 9. Qd2 Nxd4 10. Bxd4 Bc6 11. O-O-O Qa5 12. Kb1 O-O 13. h4 e5 14. Be3 Nh5 15. g4 Nf4 16. h5 h6 17. g5 gxh5 18. gxh6 Bxh6 19. Rxh5 Nxh5 20. Bxh6 f6 21. Bxf8 Rxf8 22. Qxd6 {1-0 Krasenkow,M (2676)-Schulze,U (2333) Bundesliga 0405 2004 (7.4)}) 9. Ndb5 $146 ({RR} 9. b3 Nd7 10. Qd2 Nc5 11. Rb1 Nxd4 12. Bxd4 O-O 13. Be2 f5 14. exf5 Bxf5 15. Rc1 Rc8 16. Be3 Bd7 17. O-O Bc6 18. Bd1 e6 19. Bc2 Qe7 20. Ne2 b6 21. Rcd1 Rfd8 22. Nd4 Bb7 23. Qf2 e5 {½-½ Schwab,L (2080)-Heindl,M (1851) AUT-ch U18 St Veit 2016 (7)}) 9... O-O 10. Be2 Be6 11. O-O Nd7 12. Rb1 Nc5 13. b3 f5 14. exf5 Bxf5 15. Rc1 a4 16. Nd5 axb3 17. axb3 Ra2 18. b4 Nb3 19. Qxb3 Rxe2 20. Nbc3 Nd4 21. Qd1 Rc2 22. Rxc2 Bxc2 23. Qd2 e5 24. Nb5 Nxb5 25. Qxc2 Nd4 26. Qe4 Qa8 27. Bxd4 exd4 28. Re1 Qa2 29. Qd3 Kh8 30. g3 b5 31. Nb6 Qa7 32. c5 dxc5 33. bxc5 b4 34. Kg2 Qa5 35. Nd7 b3 36. Rb1 Rd8 37. c6 Qa2+ 38. Kh1 Re8 39. Qxb3 Re1+ 40. Rxe1 Qxb3 41. c7 Qc4 42. Nc5 Qg8 43. Rb1 Be5 44. Rb8 Bxc7 45. Rxg8+ Kxg8 46. Ne6 d3 0-1

[Event "45th Olympiad 2024"]
[Site "Budapest HUN"]
[Date "2024.09.16"]
[Round "6.37"]
[Board "3"]
[White "Ulhaq, Zacky Dhia"]
[Black "Lahdelma, Henri"]
[Result "1/2-1/2"]
[WhiteElo "2203"]
[BlackElo "2331"]
[PlyCount "98"]
[EventDate "2024.09.11"]
[WhiteTeam "Indonesia"]
[BlackTeam "Finland"]
[WhiteTeamCountry "INA"]
[BlackTeamCountry "FIN"]

1. d4 d5 2. c4 dxc4 3. e3 e5 4. Bxc4 exd4 5. exd4 Bd6 6. Nf3 Nf6 7. Qe2+ Qe7 8. Qxe7+ Bxe7 9. O-O O-O 10. Nc3 Nbd7 ({RR} 10... a6 11. Re1 Bd8 12. Bf4 Nbd7 13. Rac1 Nb6 14. Bb3 h6 15. d5 Bf5 16. h3 Re8 17. g4 Rxe1+ 18. Rxe1 Bd7 19. Ne5 Be8 20. h4 a5 21. a4 Nfd7 22. Nxd7 Bxd7 23. g5 hxg5 24. hxg5 Kf8 25. d6 {1-0 Aronian,L (2815)-Nakamura,H (2775) Wch Rapid Dubai 2014 (10)}) 11. Re1 Bd6 12. Nb5 $146 ({RR} 12. Bg5 c6 13. Bb3 a5 14. a3 Nb6 15. Bxf6 gxf6 16. Ne4 Be7 17. Neg5 Bd6 18. Ne4 Be7 19. Ng3 Re8 20. Nh4 a4 21. Bc2 Be6 22. Nhf5 Bxf5 23. Bxf5 Bf8 24. Nh5 Bg7 25. Rac1 Nc4 26. Re4 Rxe4 {½-½ Aczel,G (2498)-Dubnevych,M (2283) Slovakia Chess Open 2024 (2.15)}) ({RR} 12. Bg5 h6 13. Bh4 Nb6 14. Bb3 Bd7 15. Bxf6 gxf6 16. Ne4 Kg7 17. Nc5 Bc8 18. Rac1 c6 19. Nh4 Rd8 20. Rc3 Nd5 21. Rf3 Bxc5 22. dxc5 Be6 23. Nf5+ Bxf5 24. Rxf5 Re8 25. Kf1 Nb4 {½-½ Ivanisevic,I (2633)-Bauer,C (2619) Zuerich Chess Challenge op 6th 2017 (4)}) ({RR} 12. Bg5 h6 13. Bh4 Re8 14. Rxe8+ Nxe8 15. Re1 Ndf6 16. Ne5 Be6 17. Bxe6 fxe6 18. Nc4 Kf7 19. Ne5+ Bxe5 20. dxe5 Nd5 21. Nxd5 exd5 22. e6+ Kf8 23. f4 Nf6 24. Bxf6 gxf6 25. f5 Ke7 26. Re3 Rg8 {1-0 Tkachiev,V (2664)-Morozevich,A (2788) Moscow Tal Memorial Blitz 2008 (21)}) 12... Nb6 13. Nxd6 cxd6 14. Bd3 Nfd5 15. Bd2 h6 16. Rac1 a5 17. a3 Be6 18. Nh4 Rfd8 19. Rc2 Nd7 20. h3 Nb8 21. Bf5 Bxf5 22. Nxf5 Nc6 23. Re4 h5 24. Bg5 Rd7 25. Rce2 f6 26. Bh4 g6 27. Ne3 Nxe3 28. R2xe3 g5 29. d5 Ne5 30. f4 gxh4 31. fxe5 dxe5 32. Rb3 Kf7 33. Rxh4 a4 34. Rbb4 Kg6 35. Rxa4 Rxa4 36. Rxa4 Rxd5 37. Rb4 b5 38. Kf2 Kg5 39. Ke3 f5 40. h4+ Kf6 41. a4 bxa4 42. Rxa4 Rd6 43. Rb4 Ke6 44. g3 Rc6 45. Rb8 Rc2 46. Re8+ Kf6 47. Rf8+ Ke6 48. Re8+ Kf6 49. Rf8+ Ke6 1/2-1/2

[Event "45th Olympiad 2024"]
[Site "Budapest HUN"]
[Date "2024.09.16"]
[Round "6.37"]
[Board "4"]
[White "Wartiovaara, Oliver"]
[Black "Mariano, Fabian Glen"]
[Result "1-0"]
[WhiteElo "2300"]
[BlackElo "2121"]
[PlyCount "107"]
[EventDate "2024.09.11"]
[WhiteTeam "Finland"]
[BlackTeam "Indonesia"]
[WhiteTeamCountry "FIN"]
[BlackTeamCountry "INA"]

1. e4 e5 2. Nf3 Nc6 3. Bb5 a6 4. Ba4 Nf6 5. O-O b5 6. Bb3 Bc5 7. Nc3 d6 8. Nd5 h6 9. c3 Ba7 10. Nxf6+ Qxf6 11. Bd5 Bd7 12. a4 O-O 13. d4 Bb6 14. Be3 Rab8 15. Bxc6 Bxc6 16. a5 exd4 17. cxd4 Ba7 18. Qc2 $146 ({RR} 18. d5 Bxe3 19. fxe3 Bd7 20. Qd4 Qe7 21. Rac1 Rbc8 22. Rc3 c5 23. dxc6 Rxc6 24. e5 Rxc3 25. bxc3 dxe5 26. Nxe5 Be6 27. Nc6 Qg5 28. Rf3 f6 29. Rg3 Qh5 30. Ne7+ Kf7 31. Ng6 Ra8 32. Qd6 Qd5 {½-½ Borisek,J (2565)-Makoto,R (2403) PRO League Eastern rapid 2017 (4)}) 18... Bb7 19. Qxc7 Rfc8 20. Qd7 Qe6 21. Qxe6 fxe6 22. e5 Bxf3 23. gxf3 dxe5 24. dxe5 Bxe3 25. fxe3 Rc5 26. f4 Rbc8 27. Rad1 Rc2 28. Rf2 Rxf2 29. Kxf2 Rc2+ 30. Kg3 Rxb2 31. Rd6 Kf7 32. Rxa6 Re2 33. Ra7+ Kf8 34. Rb7 Rxe3+ 35. Kg4 Ra3 36. Rxb5 Kf7 37. h4 Ra4 38. Rb7+ Kf8 39. Ra7 Ra3 40. h5 Kg8 41. a6 Kf8 42. Ra8+ Kf7 43. a7 Ra4 44. Kf3 Ra3+ 45. Ke2 Ra2+ 46. Kd3 Ra3+ 47. Kc4 Ra4+ 48. Kb5 Ra1 49. f5 exf5 50. e6+ Kxe6 51. Re8+ Kf6 52. a8=Q Rxa8 53. Rxa8 Kg5 54. Rg8 1-0

[Event "45th Olympiad 2024"]
[Site "Budapest HUN"]
[Date "2024.09.16"]
[Round "6.38"]
[Board "1"]
[White "Maksimovic, Bojan"]
[Black "Sanchez Alvarez, Roberto Carlos"]
[Result "1-0"]
[WhiteElo "2503"]
[BlackElo "2376"]
[PlyCount "45"]
[EventDate "2024.09.11"]
[WhiteTeam "Bosnia & Herzegovina"]
[BlackTeam "Panama"]
[WhiteTeamCountry "BIH"]
[BlackTeamCountry "PAN"]

1. d4 d5 2. Nf3 Nf6 3. c4 e6 4. e3 a6 5. Nbd2 b6 6. b3 Bb7 7. Bb2 Nbd7 8. Bd3 Be7 9. O-O O-O 10. Qe2 c5 11. Rad1 Qc7 12. cxd5 Nxd5 13. Rc1 Qb8 14. Nc4 Qa7 $146 ({RR} 14... cxd4 15. Bxd4 Bf6 16. Bxf6 N5xf6 17. Rfd1 Rd8 18. b4 Bd5 19. e4 Bxc4 20. Bxc4 b5 21. Bb3 Nb6 22. e5 Rxd1+ 23. Qxd1 Nfd5 24. Qd4 Qf8 25. Rc5 Rc8 26. Bxd5 Nxd5 27. g3 h6 28. Nd2 Rxc5 29. bxc5 {½-½ Testor,S (2292)-Genser,H (2272) AUT-chT2M 1819 2018 (11.1)}) 15. Nfe5 Nxe5 16. dxe5 Rad8 17. Nd6 Bxd6 18. exd6 Rxd6 19. Bxh7+ Kxh7 20. Qh5+ Kg8 21. Bxg7 Kxg7 22. Qg5+ Kh8 23. Rc4 1-0

[Event "45th Olympiad 2024"]
[Site "Budapest HUN"]
[Date "2024.09.16"]
[Round "6.38"]
[Board "3"]
[White "Burovic, Rijad"]
[Black "Mendez Machado, Andre"]
[Result "0-1"]
[WhiteElo "2426"]
[BlackElo "2122"]
[PlyCount "102"]
[EventDate "2024.09.11"]
[WhiteTeam "Bosnia & Herzegovina"]
[BlackTeam "Panama"]
[WhiteTeamCountry "BIH"]
[BlackTeamCountry "PAN"]

1. e4 e5 2. Nf3 Nc6 3. Bc4 Nf6 4. d3 Bc5 5. c3 d6 6. O-O a6 7. Nbd2 Ba7 8. Bb3 h6 9. Re1 Ng4 ({RR} 9... g5 10. Nf1 g4 11. N3d2 h5 12. Nc4 Rg8 13. Be3 Rg6 14. Bxa7 Rxa7 15. d4 b5 16. dxe5 dxe5 17. Nce3 Qxd1 18. Raxd1 Na5 19. Bc2 Be6 20. Ng3 Nc4 21. Nxc4 Bxc4 22. a4 Rb7 23. axb5 axb5 24. Ra1 {1-0 Sarana,A (2663)-Bocharov,D (2575) RUS GP Rapid final 2021 (1)}) ({RR} 9... g5 10. Nf1 g4 11. N3d2 Nh5 12. Nc4 Qf6 13. Be3 Nf4 14. Bxa7 Nxa7 15. Nce3 Nc6 16. Ng3 Bd7 17. Nd5 Nxd5 18. exd5 Ne7 19. d4 Ng6 20. dxe5 Nxe5 21. Qd4 b6 22. a4 a5 23. Ne4 Qg7 24. Kh1 {0-1 Jin,A (1966)-Rodi,L (2211) 1000GM Spring Break 2 Gp2 2024 (4.4)}) 10. Re2 Bd7 $146 ({RR} 10... O-O 11. h3 Nf6 12. Nf1 Nh5 13. Be3 Qf6 14. N1h2 Nf4 15. Re1 Ne7 16. Ng4 Qg6 17. Nh4 Qg5 18. Bxf4 exf4 19. Nf3 Bxg4 20. hxg4 Qxg4 21. Nh2 Qxd1 22. Raxd1 c5 23. Nf3 g5 24. e5 d5 25. Kf1 {1-0 Kolaric,S (1996)-Krivec,J (2318) SLO-ch (Women) 2010 (5)}) ({RR} 10... Qf6 11. h3 h5 12. Nf1 Qg6 13. Nh4 Qf6 14. Nf3 Qg6 15. d4 Nh6 16. Ng3 f5 17. Bxh6 gxh6 18. Nh4 Qg5 19. Nf3 Qg6 20. exf5 Bxf5 21. Nh4 Qg5 22. Ngxf5 O-O-O 23. Qd2 Qf6 24. Rae1 Kb8 25. Bd5 {1-0 Zhigalko,S (2572)-Navalgund,N (2168) Titled Tue 25th Jul Early 2023 (1)}) ({RR} 10... Qe7 11. Nf1 g5 12. d4 Bd7 13. h3 Nf6 14. Ne3 g4 15. hxg4 Bxg4 16. Nxg4 Nxg4 17. Be3 O-O-O 18. Bd5 Nxe3 19. Rxe3 Qd7 20. Qa4 Rh7 21. Bxc6 Qxc6 22. Qxc6 bxc6 23. Rd3 f5 24. Re1 d5 25. Nxe5 {1-0 Safar Zadeh,E-Taheri,B IRI-ch U20 Iran 1995 (7)}) 11. Nf1 Qe7 12. h3 Nf6 13. Ne3 Bxe3 14. Rxe3 g5 15. Nh2 O-O-O 16. d4 Rdg8 17. d5 Nb8 18. Bc2 h5 19. c4 Ne8 20. Rc3 g4 21. Kh1 gxh3 22. g3 Bg4 23. Nxg4 Rxg4 24. Bd2 Rhg8 25. Rc1 h4 26. Be1 hxg3 27. fxg3 Qf6 28. Qe2 Qg5 29. Bb1 Nd7 30. Kh2 Kd8 31. b4 Nef6 32. c5 Ke7 33. Qf3 Qh5 34. cxd6+ cxd6 35. Bf2 b5 36. Re1 Rh8 37. Rf1 Qg6 38. Rc7 Nxe4 39. Qe3 Rd8 40. Be1 f5 41. Bd3 f4 42. Bxe4 Qxe4 43. Qxe4 fxg3+ 44. Bxg3 Rxe4 45. a3 Rg8 46. Rf3 Rh8 47. Ra7 Rd4 48. Rxa6 Rxd5 49. Be1 Rd1 50. Bf2 Rd2 51. Ra7 Ke6 0-1

[Event "45th Olympiad 2024"]
[Site "Budapest HUN"]
[Date "2024.09.16"]
[Round "6.38"]
[Board "4"]
[White "Baules Rodriguez, Jorge Luis"]
[Black "Culum, Sanjin"]
[Result "0-1"]
[WhiteElo "2271"]
[BlackElo "2409"]
[PlyCount "110"]
[EventDate "2024.09.11"]
[WhiteTeam "Panama"]
[BlackTeam "Bosnia & Herzegovina"]
[WhiteTeamCountry "PAN"]
[BlackTeamCountry "BIH"]

1. e4 c5 2. Nf3 d6 3. d4 cxd4 4. Nxd4 Nf6 5. f3 e5 6. Nb3 d5 7. Bg5 d4 8. c3 Nc6 9. Bb5 h6 10. Bh4 Qb6 11. Bc4 ({RR} 11. Bxc6+ bxc6 12. cxd4 Ba6 13. Bf2 Rd8 14. N1d2 exd4 15. Qc2 Bb4 16. Rc1 Bb5 17. a3 Ba5 18. Qc5 Bxd2+ 19. Kxd2 Ba4 20. Nxd4 Qxb2+ 21. Ke3 Nd7 22. Qb4 Qxb4 23. axb4 O-O 24. Bg3 Rfe8 25. Nxc6 Bxc6 {½-½ Morozevich,A (2676)-Fedoseev,V (2667) Moscow Nutcracker rapid 2016 (1.1)}) ({RR} 11. Qe2 Be6 12. Bf2 Bxb3 13. axb3 Be7 14. O-O O-O 15. b4 Rfd8 16. Nd2 a6 17. Bc4 Qc7 18. Kh1 Rac8 19. Ba2 Nh5 20. g3 Nf6 21. Rad1 Bf8 22. g4 dxc3 23. bxc3 Nb8 24. Rc1 b5 25. Be3 Nbd7 {½-½ Sliwicki,D (2153)-Grzesik,G (2184) TCh-POL 2nd League 2024 (7.8)}) 11... Be7 12. Bf2 Qc7 $146 ({RR} 12... O-O 13. O-O Rd8 14. N1d2 Nh5 15. g3 Bh3 16. Re1 Rac8 17. Bd5 Nf6 18. Bc4 Qc7 19. cxd4 exd4 20. Rc1 Qb8 21. Bf1 Be6 22. a3 Ne5 23. Kg2 Rxc1 24. Qxc1 Nc6 25. Bb5 Qe5 26. Bxc6 bxc6 27. Qxc6 {½-½ Neelotpal,D (2410)-Utsab,C (2255) Lorca op 10th 2021 (5)}) ({RR} 12... Na5 13. Nxa5 Qxa5 14. O-O dxc3 15. Nxc3 O-O 16. Qb3 Bc5 17. Rac1 Bd7 18. Nd5 Bxf2+ 19. Rxf2 Nxd5 20. Bxd5 Rab8 21. Qc3 Qb6 22. Qxe5 Rbc8 23. Rc3 Rxc3 24. bxc3 Bc6 25. g3 Bxd5 26. exd5 Qc5 27. Kg2 {0-1 Piorun,K (2651)-Sjugirov,S (2673) Titled Tuesday intern op 7th Febr blitz 2017 (9)}) 13. cxd4 Nxd4 14. N1d2 Nc6 15. O-O O-O 16. Qe2 Nh5 17. g3 Bh3 18. Rfd1 Nf6 19. Rac1 Rfd8 20. Kh1 Bd7 21. Nf1 Rac8 22. Ne3 Qb8 23. a3 Bf8 24. Nd5 Nxd5 25. exd5 Ne7 26. Nc5 Nf5 27. b4 b6 28. Ne6 Re8 29. Nxf8 Kxf8 30. Qb2 Nd6 31. Ba6 Rxc1 32. Qxc1 Qd8 33. Qe3 Qf6 34. Kg1 e4 35. Be2 Nf5 36. Qf4 Qb2 37. fxe4 Qxe2 38. Re1 Qc4 39. exf5 Rxe1+ 40. Bxe1 Qxd5 41. f6 g5 42. Qb8+ Be8 43. Bf2 Qd1+ 44. Kg2 Qe2 45. h4 Kg8 46. hxg5 hxg5 47. Kg1 Kh7 48. Qxa7 Qd1+ 49. Kh2 Qd5 50. b5 Bxb5 51. Qxb6 Bc6 52. Qb1+ Kh6 53. Qf1 Qf3 54. Qh3+ Kg6 55. Kg1 g4 0-1

[Event "45th Olympiad 2024"]
[Site "Budapest HUN"]
[Date "2024.09.16"]
[Round "6.39"]
[Board "1"]
[White "Tissir, Mohamed"]
[Black "Bachmann, Axel"]
[Result "0-1"]
[WhiteElo "2355"]
[BlackElo "2560"]
[PlyCount "64"]
[EventDate "2024.09.11"]
[WhiteTeam "Morocco"]
[BlackTeam "Paraguay"]
[WhiteTeamCountry "MAR"]
[BlackTeamCountry "PAR"]

1. e4 c5 2. Nf3 e6 3. d4 cxd4 4. Nxd4 Nc6 5. Nc3 Qc7 6. f4 a6 7. Nb3 b5 8. Bd3 Bb7 9. O-O d6 10. Qe2 Nf6 11. Bd2 g6 12. Rae1 Bg7 13. e5 $146 ({RR} 13. Kh1 O-O 14. a3 Rac8 15. Qf3 Nd7 16. Qh3 b4 17. axb4 Nxb4 18. Nb5 axb5 19. Bxb4 Nc5 20. e5 Nxd3 21. cxd3 dxe5 22. Rc1 Qb8 23. Bxf8 Rxf8 24. fxe5 Qxe5 25. Nc5 Bc6 26. Rc2 Re8 27. Qg4 Qd5 {0-1 Tissir,M (2386)-Vokhidov,S (2494) Dubai op 21st 2019 (7)}) 13... dxe5 14. fxe5 Nd7 15. Nd5 exd5 16. e6 O-O 17. exf7+ Kh8 18. Bxg6 Qb6+ 19. Kh1 Nd4 20. Nxd4 Qxg6 21. Ne6 Rxf7 22. Rxf7 Qxf7 23. Ng5 Qf5 24. Rf1 Qg6 25. Qe7 Bc6 26. Nf7+ Kg8 27. Nd8 Ne5 28. Bb4 Qe8 29. Qxe8+ Bxe8 30. Ne6 Nc6 31. Bc3 d4 32. Bd2 Bg6 0-1

[Event "45th Olympiad 2024"]
[Site "Budapest HUN"]
[Date "2024.09.16"]
[Round "6.39"]
[Board "2"]
[White "Delgado Ramirez, Neuris"]
[Black "Elbilia, Jacques"]
[Result "1-0"]
[WhiteElo "2484"]
[BlackElo "2343"]
[PlyCount "79"]
[EventDate "2024.09.11"]
[WhiteTeam "Paraguay"]
[BlackTeam "Morocco"]
[WhiteTeamCountry "PAR"]
[BlackTeamCountry "MAR"]

1. e4 e5 2. Nf3 Nc6 3. Bc4 Nf6 4. d3 Be7 5. Nc3 d6 6. a4 Be6 ({RR} 6... O-O 7. O-O h6 8. h3 Be6 9. Bxe6 fxe6 10. Ne2 a5 11. Ng3 Qe8 12. c3 Qf7 13. Be3 Kh8 14. Nh2 d5 15. Qe2 Rad8 16. Rad1 Qg6 17. Nf3 Nd7 18. Kh2 Rf7 19. Qc2 Rdf8 20. Qb3 d4 21. Bc1 {0-1 Vachier Lagrave,M (2784)-Dubov,D (2702) Airthings Masters KO rapid 2020 (3.11)}) 7. h3 $146 ({RR} 7. a5 Bxc4 8. dxc4 O-O 9. O-O a6 10. Bg5 Nd7 11. Be3 f5 12. exf5 Rxf5 13. Nd5 Kh8 14. Nd2 Rf8 15. Ne4 Nf6 16. Ndxf6 gxf6 17. f4 f5 18. Nc3 Bf6 19. Nd5 Bg7 20. c3 Ne7 21. Nxe7 Qxe7 {1-0 Korchmar,V (2438)-Hebden,M (2434) Titled Tuesday intern op 04th Oct Early blitz 2022 (7)}) ({RR} 7. Nd5 Bxd5 8. exd5 Nb8 9. O-O O-O 10. d4 Nbd7 11. Re1 exd4 12. Nxd4 Ne5 13. Bb3 Qd7 14. h3 Rfe8 15. a5 b5 16. a6 Bf8 17. Bg5 Ng6 18. Bxf6 gxf6 19. Qd3 Re5 20. Qxb5 Qe7 21. Nf3 Re4 {1-0 Korchmar,V (2431)-Zeynalov,R (2127) Titled Tue 30th Jul Late 2024 (7)}) ({RR} 7. Bxe6 fxe6 8. Ne2 Qd7 9. c3 d5 10. Ng3 O-O 11. Qb3 Bc5 12. O-O Bb6 13. Qa2 a5 14. Qb3 Rae8 15. Bd2 h6 16. Rad1 Qf7 17. Be3 d4 18. Bc1 Nh5 19. c4 Nf4 20. c5 Nxg2 21. Nd2 Nf4 {1-0 Koykka,P (2332)-Lallukka,T (1937) 31st Heart of Finland Op 2023 (2.4)}) 7... Nd4 8. Be3 Nxf3+ 9. Qxf3 c6 10. Bxe6 fxe6 11. g4 O-O 12. Qg2 Qe8 13. Ne2 Nd7 14. g5 d5 15. Qg4 Bc5 16. Bxc5 Nxc5 17. f3 a5 18. h4 b5 19. axb5 cxb5 20. O-O b4 21. b3 dxe4 22. fxe4 Qc6 23. h5 Nd7 24. h6 g6 25. Kh1 Rxf1+ 26. Rxf1 Rf8 27. Ng3 Rxf1+ 28. Nxf1 Kf7 29. Ne3 Qc3 30. Qd1 Ke7 31. Nc4 Qd4 32. Kg2 Nc5 33. Qg1 a4 34. Qxd4 exd4 35. bxa4 b3 36. cxb3 Nxd3 37. Kf3 Nc5 38. Ne5 Nd7 39. Nxd7 Kxd7 40. e5 1-0

[Event "45th Olympiad 2024"]
[Site "Budapest HUN"]
[Date "2024.09.16"]
[Round "6.39"]
[Board "3"]
[White "Ouakhir, Mehdi Pierre"]
[Black "Almiron, Antonio"]
[Result "0-1"]
[WhiteElo "2191"]
[BlackElo "2312"]
[PlyCount "62"]
[EventDate "2024.09.11"]
[WhiteTeam "Morocco"]
[BlackTeam "Paraguay"]
[WhiteTeamCountry "MAR"]
[BlackTeamCountry "PAR"]

1. d4 Nf6 2. Bg5 d5 3. Nd2 c5 4. e3 Nc6 5. c3 cxd4 6. exd4 Bf5 7. Ngf3 ({RR} 7. f4 e6 8. Ngf3 Bd6 9. Ne5 Qc7 10. Be2 Nd7 11. O-O f6 12. Bh5+ g6 13. Nxd7 fxg5 14. Nf6+ Ke7 15. fxg5 gxh5 16. Rxf5 Bxh2+ 17. Kh1 Qg3 18. Qxh5 exf5 19. Nf3 Kd6 20. Qf7 Rab8 21. Qd7# {1-0 Hoffmann,A (2185)-Arca,C (2283) Titled Tue 5th Mar Early 2024 (1)}) 7... e6 8. Qb3 Qc7 9. Bxf6 $146 ({RR} 9. Be2 Bd6 10. Nh4 Bg6 11. Nxg6 hxg6 12. h3 Nh5 13. Bxh5 Rxh5 14. Be3 O-O-O 15. O-O-O Na5 16. Qc2 Nc4 17. Nxc4 dxc4 18. Kb1 Qc6 19. f3 Ra5 20. Bc1 Be7 21. Rhe1 Rdd5 22. f4 Qa6 23. a3 Rdb5 {0-1 Ali Marandi,C (2543)-Shevchenko,K (2599) FIDE World Uni Rapid 1st 2021 (2)}) 9... gxf6 10. Be2 Bh6 11. Nf1 O-O-O 12. Ng3 Bg6 13. a4 Na5 14. Qa2 Kb8 15. O-O Rc8 16. b4 Nc4 17. Qb3 Nd2 18. Nxd2 Bxd2 19. Ra3 Qxc3 20. Qxc3 Bxc3 21. b5 Bxd4 22. Bd3 Rc3 23. Rxc3 Bxc3 24. Rd1 Rc8 25. h4 Be5 26. h5 Bxd3 27. Rxd3 Rc1+ 28. Kh2 Ra1 29. Kh3 Rxa4 30. Ne2 f5 31. f4 Bxf4 0-1

[Event "45th Olympiad 2024"]
[Site "Budapest HUN"]
[Date "2024.09.16"]
[Round "6.39"]
[Board "4"]
[White "Latorre, Matias"]
[Black "NAIT ELASRI BRAHIM"]
[Result "1/2-1/2"]
[WhiteElo "2264"]
[BlackElo "1994"]
[PlyCount "133"]
[EventDate "2024.09.11"]
[WhiteTeam "Paraguay"]
[BlackTeam "Morocco"]
[WhiteTeamCountry "PAR"]
[BlackTeamCountry "MAR"]

1. d4 Nf6 2. Bf4 e6 3. Nf3 d5 4. e3 Nbd7 5. Bd3 c5 6. c3 Be7 ({RR} 6... Qb6 7. Qc2 Bd6 8. O-O Bxf4 9. exf4 O-O 10. Nbd2 Qc7 11. Ne5 cxd4 12. cxd4 Qxc2 13. Bxc2 Nxe5 14. fxe5 Nd7 15. a4 Nb8 16. Nb3 Nc6 17. Bd3 Nb4 18. Rfd1 b6 19. Bb5 Bb7 20. Rdc1 Rfc8 21. a5 {0-1 Szabolcsi,J (2380)-Csonka,A (2353) HUN-chT 0405 2004 (2)}) 7. Ne5 ({RR} 7. Bb5 O-O 8. O-O a6 9. Ba4 b5 10. Bc2 Bb7 11. a3 c4 12. Nbd2 a5 13. Qe2 Nh5 14. Bxh7+ Kxh7 15. Ng5+ Bxg5 16. Qxh5+ Bh6 17. Nf3 Nf6 18. Qh3 Rh8 19. Ne5 Kg8 20. g4 Qe7 21. Bxh6 Rxh6 {0-1 Sai Dheeraj Vadlamudi (1461)-De Silva,S (1787) Robinson Cup 2024 (3.4)}) 7... Nxe5 8. Bxe5 Qb6 $146 ({RR} 8... a6 9. Nd2 c4 10. Bc2 b5 11. a3 Bb7 12. Qf3 Bd6 13. Qg3 Nh5 14. Qh3 Bxe5 15. dxe5 g6 16. Nf3 Qe7 17. Nd4 Ng7 18. O-O O-O 19. f4 Nf5 20. Bxf5 exf5 21. Rf3 f6 22. exf6 Rxf6 23. Rg3 {½-½ Misetane Burjan,A (2012)-Holczl,A (1995) HUN-chT2 Asztalos 0910 2009 (5)}) ({RR} 8... Bd6 9. f4 b6 10. Nd2 Bb7 11. Bb5+ Ke7 12. O-O h5 13. Be2 Qc7 14. Bf3 Rag8 15. Qe2 h4 16. e4 dxe4 17. Nxe4 Nxe4 18. Bxe4 Bxe4 19. Qxe4 Rh5 20. Rad1 Rf5 21. Rfe1 g5 22. Bxd6+ Qxd6 23. Qxf5 {1-0 Chiesa,R (1813)-Penzo,M (1685) Chioggia op-B 06th 2011 (2)}) ({RR} 8... b6 9. Nd2 O-O 10. Qe2 cxd4 11. exd4 Bd6 12. Nf3 Ng4 13. h3 Nxe5 14. dxe5 Bc7 15. Nd4 Qg5 16. Nf3 Qe7 17. O-O Bb7 18. Nd4 f6 19. f4 fxe5 20. fxe5 a6 21. Rae1 Rxf1+ 22. Rxf1 Qg5 23. Nf3 {½-½ Bloch Nakkerud,R-Berea de Montero,M World-ch (Women) 07th 1939}) 9. Qc2 c4 10. Be2 Qc6 11. Nd2 O-O 12. O-O b5 13. Bxf6 Bxf6 14. e4 g6 15. Bf3 a5 16. Rfe1 Rb8 17. a3 Bg7 18. exd5 exd5 19. Nf1 Be6 20. Ne3 h5 21. g3 Rb6 22. Qe2 Rfb8 23. Qf1 b4 24. axb4 axb4 25. Qg2 Rd8 26. Ra5 Rb5 27. Rea1 Qb6 28. Ra6 Qb7 29. Qf1 Rb6 30. Ra7 Qc6 31. R7a5 Rb5 32. R5a4 Rdb8 33. b3 cxb3 34. c4 b2 35. Rd1 R5b6 36. Ra2 b3 37. Rxb2 Qa4 38. Nxd5 Bxd5 39. Bxd5 Qa3 40. Qe2 Qa5 41. Qd3 Qa6 42. h4 Rb4 43. Kg2 Qb6 44. Qe4 Qd6 45. Rd3 Kf8 46. Qf3 Qd7 47. Qd1 Bf6 48. Qd2 Kg7 49. Qf4 Qa7 50. Kh2 Qb6 51. Kg2 Qa7 52. Kh2 Qb6 53. c5 Qd8 54. Rdxb3 Rxb3 55. Rxb3 Rxb3 56. Bxb3 Qxd4 57. Qxd4 Bxd4 58. c6 Bb6 59. Kg2 f6 60. Kf3 f5 61. Ke2 Kf6 62. Kd3 Ke7 63. Bg8 Bxf2 64. Bh7 Bxg3 65. Bxg6 Bxh4 66. Bxf5 Bg3 67. Ke4 1/2-1/2